[Event "Montigny Autumn-B 16th"]
[Site "Montigny le Bretonneux"]
[Date "2017.10.27"]
[Round "7"]
[White "Verat Fayolle, Celian"]
[Black "Bremond, Louis"]
[Result "1-0"]
[WhiteElo "1734"]
[BlackElo "1844"]
[PlyCount "77"]
[EventDate "2017.10.21"]
[EventType "tourn"]
[EventRounds "9"]
[EventCountry "FRA"]
[SourceTitle "EXT 2019"]
[Source "ChessBase"]
[SourceDate "2018.10.10"]
[SourceVersion "1"]
[SourceVersionDate "2018.10.10"]
[SourceQuality "1"]

1. e4 d6 2. d4 Nf6 3. Nc3 g6 4. Bc4 Bg7 5. Qe2 0-0 6. e5 dxe5 7. dxe5 Ne8 8. Bg5 c6 9. e6 f6 10. Bf4 b5 11. Bb3 a5 12. a3 Na6 13. Qe3 Nec7 14. Rd1 Qe8 15. Rd7 b4 16. Na4 Nd5 17. Rxd5 cxd5 18. Nb6 Bb7 19. Nxa8 d4 20. Qg3 Qxa8 21. Nf3 Bxf3 22. Qxf3 Qxf3 23. gxf3 Nc5 24. Bc4 Rc8 25. axb4 axb4 26. b3 Rc6 27. Kd2 Nxe6 28. Re1 Rxc4 29. Rxe6 Rc3 30. Rxe7 Rxf3 31. Bd6 f5 32. Ke2 Rc3 33. Kd1 d3 34. Rxg7+ Kxg7 35. Be5+ Kf7 36. Bxc3 dxc2+ 37. Kxc2 bxc3 38. f4 g5 39. fxg5 1-0

[Event "Montigny Autumn-B 16th"]
[Site "Montigny le Bretonneux"]
[Date "2017.10.26"]
[Round "6"]
[White "Bremond, Louis"]
[Black "Duval, Dominique"]
[Result "1/2-1/2"]
[WhiteElo "1844"]
[BlackElo "1718"]
[PlyCount "80"]
[EventDate "2017.10.21"]
[EventType "tourn"]
[EventRounds "9"]
[EventCountry "FRA"]
[SourceTitle "EXT 2019"]
[Source "ChessBase"]
[SourceDate "2018.10.10"]
[SourceVersion "1"]
[SourceVersionDate "2018.10.10"]
[SourceQuality "1"]

1. e4 c5 2. d4 cxd4 3. c3 dxc3 4. Nxc3 Nc6 5. Bc4 e6 6. Bf4 a6 7. Bd6 Bxd6 8. Qxd6 Qe7 9. Qd2 b5 10. Bb3 Na5 11. Nf3 Nxb3 12. axb3 Bb7 13. 0-0 Nf6 14. Rfe1 0-0 15. e5 Ne8 16. Red1 Rd8 17. Nd4 d5 18. Na2 Rc8 19. Nb4 Qc7 20. Nxa6 Bxa6 21. Rxa6 Qxe5 22. Nxb5 Nc7 23. Re1 Qf6 24. Nxc7 Rxc7 25. Rc1 Qd4 26. Qe1 Rxc1 27. Qxc1 Rb8 28. Rc6 h6 29. Rc8+ Rxc8 30. Qxc8+ Kh7 31. Qc2+ g6 32. g3 e5 33. Qc3 Qd1+ 34. Kg2 e4 35. Qf6 Kg8 36. b4 Qb3 37. Qc3 Qa4 38. Qc8+ Kg7 39. Qc3+ Kh7 40. Qc7 Qe8 1/2-1/2